Το σύμπαν που αγάπησα : εισαγωγή στην αστροφυσική
Αποθηκεύτηκε σε:
| Κύριος συγγραφέας: | |
|---|---|
| Άλλοι συγγραφείς: | |
| Μορφή: | Βιβλίο |
| Γλώσσα: | English |
| Δημοσίευση: |
Αθήνα :
Δίαυλος,
1999.
|
| Θέματα: | |
| Ετικέτες: |
Προσθήκη ετικέτας
Δεν υπάρχουν, Καταχωρήστε ετικέτα πρώτοι!
|
MARC
| LEADER | 00000cam a2200000 i 4500 | ||
|---|---|---|---|
| 001 | 1/102529 | ||
| 008 | 000127m1999 gr | ||| |||| ||eng|| | ||
| 020 | |a 9605310627 (τ.1) | ||
| 020 | |a 9605310635 (τ.2) | ||
| 020 | |a 9605310619 (set) | ||
| 035 | |l 10058120 | ||
| 040 | |a GR-MyUA |b gre |e AACR2 | ||
| 041 | 0 | |a eng | |
| 082 | 0 | |a 520 | |
| 100 | 1 | |a Δανέζης, Μάνος, |d 1949- | |
| 245 | 1 | 3 | |a Το σύμπαν που αγάπησα : |b εισαγωγή στην αστροφυσική / |c Μάνος Δανέζης - Στράτος Θεοδοσίου. |
| 260 | |a Αθήνα : |b Δίαυλος, |c 1999. | ||
| 300 | |a 2 τ. : |b εικ. ; |c 24 εκ. | ||
| 504 | |a Περιέχει βιβλιογραφικές αναφορές και ευρετήρια. | ||
| 650 | 0 | 0 | |a Astrophysics. |
| 650 | 0 | 0 | |a Astronomy. |
| 700 | 1 | |a Θεοδοσίου, Στράτος, |d 1949- | |
| 852 | |a INST |b SAMOS |e 20000224 |h 520 ΔΑΝ |p 005300015549 |q 005300015549 |t BK |y 0 |z τ.2 | ||
| 852 | |a INST |b SAMOS |e 20000127 |h 520 ΔΑΝ |p 005300015842 |q 005300015842 |t BK |y 0 |z τ.1 | ||
| 852 | |a INST |b SAMOS |e 20000127 |h 520 ΔΑΝ |p 005300020236 |q 005300020236 |t BK |y 0 |z τ.2 | ||
| 852 | |a INST |b SAMOS |e 20000224 |h 520 ΔΑΝ |p 005300015549 |q 005300015549 |t BK |v τ.2: |y 0 |z τ.2 | ||
| 852 | |a INST |b SAMOS |e 20000127 |h 520 ΔΑΝ |p 005300015842 |q 005300015842 |t BK |v τ.1: |y 0 |z τ.1 | ||
| 852 | |a INST |b SAMOS |e 20000127 |h 520 ΔΑΝ |p 005300020236 |q 005300020236 |t BK |v τ.2: |y 0 |z τ.2 | ||
| 853 | |a INST |b SAMOS |h 520 ΔΑΝ | ||
| 901 | |a BIBL3-2000-2 | ||
| 909 | |a Σ |b 072605 | ||
| 909 | |a Σ |b 071867 | ||
| 909 | |a Σ |b 074022 | ||
| 922 | |a 3ΕΛΗ |b 199912 |c Βιβλιοθήκη |d Παπασωτηρίου | ||
| 950 | |a 127-1999-11-23 | ||
| 970 | |z 2000/06/Μπράττης | ||